Taakse jää (frozen) - sanat - Statistics

Yleistilastot
  • Tätä visaa on pelattu 32 kertaa
  • Keskiarvotulos 109 / 188
Vastaustilastot
Vastaus % Oikein
Ja
96%
ja
96%
jää
96%
tää
96%
taa
96%
Taakse
96%
taakse
96%
92%
En
88%
en
88%
voi
88%
tyttö
83%
kiltti
79%
nää
79%
myrsky
75%
Myrsky
75%
ole
75%
ei
71%
Ei
71%
On
71%
on
71%
saa
71%
Saa
71%
Sitä
71%
tuuli
71%
kylmä
67%
nyt
67%
pidättää
67%
puhaltaa
67%
tätä
67%
vaan
67%
linna
63%
63%
63%
nähdä
63%
ne
63%
Ne
63%
niin
63%
raivotkoon
63%
Se
63%
se
63%
sisälläin
63%
viima
63%
aina
58%
hallitsen
58%
hohtaa
58%
jäädä
58%
kuin
58%
yksin
58%
yksinäinen
58%
Hanki
54%
hehkuen
54%
kaikki
54%
lumiset
54%
tunteitaan
54%
ulvoo
54%
vaikka
54%
vanha
54%
vuoret
54%
hyiset
50%
Kun
50%
paljastaa
50%
saan
50%
tulla
50%
tahtoisin
46%
voima
46%
aika
38%
Enää
38%
Unhoittaa
38%
vapaa
38%
julmat
33%
kadoksiin
33%
katsoo
33%
Myös
33%
oon
33%
pysy
33%
sanat
33%
Siellä
33%
jään
29%
kaukaa
29%
loihdin
29%
mun
29%
Mun
29%
nuo
29%
Ovi
29%
palaa
29%
pientä
29%
vanhat
29%
voimat
29%
entinen
25%
joskus
25%
kahleet
25%
koetella
25%
kylmät
25%
menneet
25%
nostan
25%
pään
25%
päivät
25%
pelon
25%
Pois
25%
Tänne
25%
Uutta
25%
halki
21%
Jääköön
21%
kii
21%
kristalli
21%
säännöt
21%
vapauttaa
21%
ajatuksein
17%
ilman
17%
käy
17%
kirkas
17%
Tuuleen
17%
tyydy
17%
vähempään
17%
voimaa
17%
huurre
13%
iskee
13%
jäiseen
13%
ruusut
13%
sieluun
13%
jäiset
8%
piirtyy
8%
Ehtoja vastaavia visoja ei löytynyt
Tulosjakauma
Jokaisen tuloksen saaneiden osuus
Persentiili vastausten määrän mukaan
Tuloshistoriasi
Et ole pelannut tätä visaa